000
00298nam a2200133Ia 4500
005
20251222144628.0
008
251222s9999||||xx |||||||||||||| ||spa||
020
_a
950-515-225-6
082
_a
201/D59R
100
_a
Derrida, Jacques
245
0
_a
La Religión
264
_b
La Flor
942
_c
LIB
999
_c
16205
_d
16205